000 01235nam a2200301Ia 4500
001 ebr10229760
003 CaPaEBR
006 m u
007 cr cn|||||||||
008 070921s2007 vaua s 000 0 eng d
010 _z 2007038590
020 _z9781932528114
020 _z1932528113
040 _aCaPaEBR
_cCaPaEBR
035 _a(OCoLC)214060557
050 1 4 _aJN1121
_b.B45 2007eb
100 1 _aBelloc, Hilaire,
_d1870-1953.
245 1 4 _aThe party system
_h[electronic resource] /
_cby Hilaire Belloc and Cecil Chesterton ; foreword by Ron Paul ; introduction by Sforza Ruspoli.
260 _aNorfolk, VA :
_bIHS Press,
_c2007.
300 _a157 p. :
_bill.
533 _aElectronic reproduction.
_bPalo Alto, Calif. :
_cebrary,
_d2009.
_nAvailable via World Wide Web.
_nAccess may be limited to ebrary affiliated libraries.
650 0 _aPolitical parties
_zGreat Britain
_xHistory
_y20th century.
650 0 _aElections
_zGreat Britain
_xHistory
_y20th century.
655 7 _aElectronic books.
_2local
700 1 _aChesterton, Cecil,
_d1879-1918.
710 2 _aebrary, Inc.
856 4 0 _uhttp://site.ebrary.com/lib/rucke/Doc?id=10229760
_zAn electronic book accessible through the World Wide Web; click to view
999 _c39070
_d39070